[Event "Nationale I"]
[Site "Noisy le Grand"]
[Date "2008.04.06"]
[Round "11"]
[White "Carvallo, Henri"]
[Black "Jossien, Remy"]
[Result "0-1"]
[WhiteElo "2134"]
[BlackElo "2297"]
[PlyCount "74"]
[EventDate "2008.??.??"]

1. d4 d5 2. Bf4 Nc6 3. e3 f6 4. Nf3 Bg4 5. Be2 e6 6. h3 Bh5 7. c4 Bd6 8. cxd5
exd5 9. Bxd6 Qxd6 10. Nc3 Nge7 11. a3 O-O 12. O-O f5 13. Nb5 Qd7 14. Ne5 Nxe5
15. dxe5 f4 16. e6 Qxb5 17. Bxh5 g6 18. Be2 Qxb2 19. exf4 Qf6 20. Re1 Qxf4 21.
Bf3 c6 22. Rb1 b6 23. Rb4 Qd6 24. h4 Rf6 25. Qe2 Raf8 26. h5 c5 27. Rh4 Nf5 28.
Rh3 Nd4 29. Qd2 Rxe6 30. hxg6 Rxe1+ 31. Qxe1 Nxf3+ 32. gxf3 hxg6 33. Qe3 Qf6
34. Qh6 Rf7 35. Qe3 Re7 36. Qd3 Qf5 37. Qd2 Qxh3 0-1

[Event "Nationale I"]
[Site "Noisy le Grand"]
[Date "2008.04.06"]
[Round "11"]
[White "Platel, Alexandre"]
[Black "Varlet, Nicolas"]
[Result "1/2-1/2"]
[WhiteElo "2208"]
[BlackElo "2123"]
[PlyCount "104"]
[EventDate "2008.??.??"]

1. e4 e6 2. d4 d5 3. Nc3 Bb4 4. Nge2 dxe4 5. a3 Bxc3+ 6. Nxc3 Nc6 7. Bb5 Nge7
8. Bg5 f6 9. Be3 O-O 10. Qd2 f5 11. O-O-O Nd5 12. Bxc6 bxc6 13. Bf4 Nxf4 14.
Qxf4 Qd6 15. Qe3 Rb8 16. f3 exf3 17. gxf3 Ba6 18. f4 Bc4 19. Na4 Bd5 20. Rhe1
Rf6 21. Nc5 Rh6 22. Rd2 Rh4 23. Rf2 Rf8 24. b3 Rf6 25. Rg1 Rfh6 26. Qd2 Rg4 27.
Rxg4 fxg4 28. Kb2 Rf6 29. Qe3 h5 30. Nd3 a5 31. Ne5 a4 32. c4 Bf3 33. b4 Bd1
34. Rd2 Bb3 35. Kc3 Rf5 36. Qe4 g5 37. fxg5 Kg7 38. Re2 Bd1 39. Re3 Rxg5 40.
Rd3 Bf3 41. Nxf3 gxf3 42. Rxf3 Rg4 43. Qe3 Rg2 44. Rf4 Rg6 45. Rh4 Qf8 46. Qe5+
Qf6 47. Qxc7+ Kh6 48. Rf4 Qg5 49. Qe5 Qg1 50. b5 Qb1 51. Qh8+ Kg5 52. Qe5+ Kh6
1/2-1/2

[Event "Nationale I"]
[Site "Noisy le Grand"]
[Date "2008.04.06"]
[Round "11"]
[White "Sally, Paul Adrien"]
[Black "Gouvart, Stephane"]
[Result "1-0"]
[WhiteElo "1944"]
[BlackElo "1975"]
[PlyCount "37"]
[EventDate "2008.??.??"]

1. e4 e5 2. Nf3 Nc6 3. Bc4 Be7 4. O-O Nf6 5. Re1 O-O 6. c3 d6 7. h3 Be6 8. Bxe6
fxe6 9. Qb3 Qd7 10. d4 Na5 11. Qd1 exd4 12. cxd4 Rae8 13. Nc3 Nc6 14. Bg5 h6
15. Bxf6 Rxf6 16. e5 Rf5 17. d5 exd5 18. Qxd5+ Kh8 19. e6 1-0

[Event "Nationale I"]
[Site "Noisy le Grand"]
[Date "2008.04.06"]
[Round "11"]
[White "Husson, Cybele"]
[Black "Legrand, Heloise"]
[Result "1-0"]
[WhiteElo "2026"]
[BlackElo "2005"]
[PlyCount "65"]
[EventDate "2008.??.??"]

1. e4 c5 2. Nc3 e6 3. g3 g6 4. Bg2 Bg7 5. Nf3 Nc6 6. O-O Nge7 7. Re1 O-O 8. d3
a6 9. Be3 d6 10. Qd2 Re8 11. Bh6 Bh8 12. Qf4 Nd4 13. Nxd4 cxd4 14. Ne2 e5 15.
Qd2 Be6 16. c3 dxc3 17. Nxc3 d5 18. exd5 Nxd5 19. Ne4 Bf5 20. Rac1 Qb6 21. Rc4
Rad8 22. Rec1 Bg7 23. Bxg7 Kxg7 24. h3 Ne7 25. g4 Be6 26. Rb4 Qa5 27. Rc5 Qxa2
28. Rxb7 Qb1+ 29. Kh2 Rxd3 30. Qg5 Ng8 31. Qxe5+ Kf8 32. Ng5 Red8 33. Nxe6+ 1-0